000
00289nam a2200085Ia 4500
245
0
_a
The firebringers : art, science and the struggle for liberty in nineteenth century Britain
100
_a
Adams, Max London, 2009
_9
76484
942
_c
BK
008
210817s9999 xx 000 0 und d
999
_c
267731
_d
267730